[Event "BCF-chT3S 1415 (4NCL)"]
[Site "England"]
[Date "2015.01.11"]
[Round "4.127"]
[White "Savage, Nicholas W"]
[Black "Taylor, Dale C"]
[Result "1/2-1/2"]
[WhiteElo "1996"]
[BlackElo "1956"]
[PlyCount "143"]
[EventDate "2014.11.15"]
[EventType "team-swiss"]
[EventRounds "6"]
[EventCountry "ENG"]
[SourceTitle "EXT 2016"]
[Source "ChessBase"]
[SourceDate "2015.10.08"]
[SourceVersion "1"]
[SourceVersionDate "2015.10.08"]
[SourceQuality "1"]
[WhiteTeam "Iceni"]
[BlackTeam "e2e4.org.uk III"]
[WhiteTeamCountry "ENG"]
[BlackTeamCountry "ENG"]

1. d4 Nf6 2. c4 e6 3. Nf3 Bb4+ 4. Nbd2 0-0 5. a3 Be7 6. e4 d5 7. e5 Ne4 8. Bd3 Nxd2 9. Bxd2 dxc4 10. Bxc4 c5 11. dxc5 Bxc5 12. Qc2 Nc6 13. 0-0 Nd4 14. Nxd4 Qxd4 15. Bd3 Be7 16. Bxh7+ Kh8 17. Bc3 Qh4 18. Be4 g6 19. g3 Qh5 20. Rad1 Kg7 21. f4 Rh8 22. Qg2 Rb8 23. g4 Qh3 24. Rf3 Qxg2+ 25. Kxg2 b6 26. h3 Bb7 27. Bxb7 Rxb7 28. Rfd3 Rc8 29. Rd7 Rxd7 30. Rxd7 Bxa3 31. bxa3 Rxc3 32. Rxa7 Re3 33. g5 Rb3 34. a4 Ra3 35. Rb7 Rxa4 36. Rxb6 Ra3 37. Rb2 Re3 38. Rf2 Ra3 39. Rf3 Ra2+ 40. Kg3 Rb2 41. Rf2 Rb4 42. Kg4 Rb1 43. Rh2 Rg1+ 44. Kf3 Rf1+ 45. Kg3 Rg1+ 46. Kf2 Ra1 47. h4 Ra2+ 48. Kg3 Ra3+ 49. Kg4 Ra1 50. h5 Rg1+ 51. Kf3 gxh5 52. Rxh5 Rf1+ 53. Ke3 Re1+ 54. Kf2 Ra1 55. Rh6 Ra3 56. Rf6 Rh3 57. g6 fxg6 58. Rxe6 Ra3 59. Rb6 Kf7 60. Rb4 Kf8 61. Rb2 Kf7 62. Re2 Ke6 63. Re3 Rxe3 64. Kxe3 g5 65. Ke4 gxf4 66. Kxf4 Ke7 67. Kf5 Kf7 68. e6+ Ke7 69. Ke5 Ke8 70. Kf6 Kf8 71. e7+ Ke8 72. Ke6 1/2-1/2

[Event "High Wycombe e2e4 U2000 op 03"]
[Site "High Wycombe"]
[Date "2013.03.10"]
[Round "4"]
[White "Kourtseva, Julie"]
[Black "Taylor, Dale C"]
[Result "1/2-1/2"]
[WhiteElo "1756"]
[BlackElo "1950"]
[PlyCount "111"]
[EventDate "2013.03.08"]
[EventType "swiss"]
[EventRounds "5"]
[EventCountry "ENG"]
[SourceTitle "EXT 2015"]
[Source "ChessBase"]
[SourceDate "2014.11.20"]
[SourceVersion "1"]
[SourceVersionDate "2014.11.20"]
[SourceQuality "1"]

1. d4 c5 2. c3 e6 3. Nf3 Nc6 4. e3 d5 5. Bd3 Bd6 6. 0-0 f5 7. b3 Nf6 8. Bb2 0-0 9. c4 Qe7 10. Nc3 cxd4 11. exd4 Kh8 12. Re1 Ba3 13. Qc1 Bxb2 14. Qxb2 Qd8 15. Rad1 Ne4 16. Bb1 Qd6 17. Nb5 Qf4 18. Ne5 a6 19. Nc7 Rb8 20. cxd5 Nxe5 21. dxe5 exd5 22. Nxd5 Qh4 23. Qd4 Be6 24. Bxe4 fxe4 25. Rxe4 Qg5 26. Qe3 Qh5 27. Qe2 Qxe2 28. Rxe2 Rbd8 29. Ne3 Rxd1+ 30. Nxd1 Rd8 31. Ne3 g5 32. f3 Kg7 33. g4 Kg6 34. Kf2 h5 35. gxh5+ Kxh5 36. Kg3 Rd4 37. h3 a5 38. Rc2 Rd3 39. Ng4 Kg6 40. Re2 b5 41. Rc2 a4 42. Rc6 Kf5 43. Nh6+ Kxe5 44. Rc5+ Bd5 45. Rxb5 axb3 46. axb3 Rxf3+ 47. Kg4 Rc3 48. b4 Kd6 49. Nf5+ Ke6 50. Nd4+ Kd6 51. Rb6+ Ke5 52. Nb5 Rc4+ 53. Kxg5 Rxb4 54. Rf6 Rxb5 55. Rf5+ Ke6 56. Rf6+ 1/2-1/2

[Event "Brighton e2e4 Challengers"]
[Site "Brighton"]
[Date "2013.02.19"]
[Round "7"]
[White "Tarhon, Brian"]
[Black "Taylor, Dale C"]
[Result "1/2-1/2"]
[WhiteElo "1840"]
[BlackElo "1936"]
[PlyCount "44"]
[EventDate "2013.02.16"]
[EventType "swiss"]
[EventRounds "9"]
[EventCountry "ENG"]
[SourceTitle "EXT 2014"]
[Source "ChessBase"]
[SourceDate "2013.11.20"]
[SourceVersion "1"]
[SourceVersionDate "2013.11.20"]
[SourceQuality "1"]

1. e4 c5 2. Nf3 Nc6 3. d4 cxd4 4. Nxd4 e5 5. Nb5 d6 6. N1c3 a6 7. Na3 b5 8. Nd5 Nge7 9. c4 Nd4 10. Be3 Nxd5 11. cxd5 Be7 12. Bd3 0-0 13. 0-0 f5 14. Bxd4 exd4 15. exf5 Bxf5 16. Bxf5 Rxf5 17. Qxd4 Bf6 18. Qd2 Qb6 19. Rad1 Rf8 20. Nc2 Bg5 21. Qe2 Re5 22. Qd3 Ref5 1/2-1/2

[Event "Brighton e2e4 Challengers"]
[Site "Brighton"]
[Date "2013.02.18"]
[Round "4"]
[White "Taylor, Dale C"]
[Black "Omtvedt, Per"]
[Result "1/2-1/2"]
[WhiteElo "1936"]
[BlackElo "2078"]
[PlyCount "50"]
[EventDate "2013.02.16"]
[EventType "swiss"]
[EventRounds "9"]
[EventCountry "ENG"]
[SourceTitle "EXT 2014"]
[Source "ChessBase"]
[SourceDate "2013.11.20"]
[SourceVersion "1"]
[SourceVersionDate "2013.11.20"]
[SourceQuality "1"]

1. Nf3 d5 2. c4 c6 3. b3 Nf6 4. g3 g6 5. Bg2 Bg7 6. Bb2 0-0 7. 0-0 Nbd7 8. d3 Re8 9. Nbd2 b6 10. Qc2 Bb7 11. e4 dxe4 12. Nxe4 Nxe4 13. dxe4 Bxb2 14. Qxb2 e5 15. Rad1 Qe7 16. Rd2 Nf8 17. Rfd1 f6 18. Bh3 Red8 19. Rxd8 Rxd8 20. Rxd8 Qxd8 21. Qd2 Qxd2 22. Nxd2 Kf7 23. f3 Ne6 24. Bxe6+ Kxe6 25. Kf2 Bc8 1/2-1/2

[Event "Brighton e2e4 Challengers-B"]
[Site "Brighton"]
[Date "2012.02.17"]
[Round "5"]
[White "Gibbs, Dominic V"]
[Black "Taylor, Dale C"]
[Result "1/2-1/2"]
[WhiteElo "1953"]
[BlackElo "1984"]
[PlyCount "112"]
[EventDate "2012.02.15"]
[EventType "tourn"]
[EventRounds "9"]
[EventCountry "ENG"]
[SourceTitle "EXT 2014"]
[Source "ChessBase"]
[SourceDate "2013.11.20"]
[SourceVersion "1"]
[SourceVersionDate "2013.11.20"]
[SourceQuality "1"]

1. e4 c5 2. c3 e6 3. d4 d5 4. e5 Nc6 5. Nf3 Nge7 6. Bd3 cxd4 7. cxd4 Nf5 8. 0-0 Be7 9. Nbd2 Nfxd4 10. Nxd4 Nxd4 11. Qg4 Nf5 12. Bxf5 exf5 13. Qxg7 Rf8 14. Qxh7 Be6 15. Nf3 Kd7 16. Qh6 Rc8 17. Qe3 Bc5 18. Qb3 Kc7 19. Be3 Kb8 20. Bxc5 Rxc5 21. Rac1 Rc4 22. Rxc4 dxc4 23. Qe3 Rg8 24. Qd4 Qxd4 25. Nxd4 Rd8 26. Nxe6 fxe6 27. h4 Rd2 28. Rb1 b5 29. f4 Kc7 30. h5 Kc6 31. h6 Kc5 32. h7 Rd8 33. Kf2 Rh8 34. Rh1 Kd4 35. Ke2 a5 36. Kd2 b4 37. a3 Ke4 38. Rh4 Kd4 39. axb4 axb4 40. Ke2 Ke4 41. g3 Kd4 42. Rh2 Ke4 43. Rh1 c3 44. bxc3 bxc3 45. Kd1 Kf3 46. Kc2 Kxg3 47. Kxc3 Kxf4 48. Kd4 Kg3 49. Kc5 f4 50. Kd6 f3 51. Kxe6 f2 52. Kf6 Rxh7 53. Ra1 Kg2 54. e6 f1Q+ 55. Rxf1 Kxf1 56. e7 Rxe7 1/2-1/2

[Event "Brighton e2e4 Challengers-B"]
[Site "Brighton"]
[Date "2012.02.16"]
[Round "3"]
[White "Waterfield, John"]
[Black "Taylor, Dale C"]
[Result "1-0"]
[WhiteElo "2037"]
[BlackElo "1984"]
[PlyCount "80"]
[EventDate "2012.02.15"]
[EventType "tourn"]
[EventRounds "9"]
[EventCountry "ENG"]
[SourceTitle "EXT 2014"]
[Source "ChessBase"]
[SourceDate "2013.11.20"]
[SourceVersion "1"]
[SourceVersionDate "2013.11.20"]
[SourceQuality "1"]

1. e4 c5 2. c3 e6 3. d4 d5 4. Nd2 Nc6 5. Ngf3 Nf6 6. Bd3 Be7 7. 0-0 0-0 8. e5 Nd7 9. Qe2 cxd4 10. cxd4 Qb6 11. Nb3 a5 12. Be3 a4 13. Nc1 f5 14. exf6 Nxf6 15. a3 Qc7 16. Qc2 Bd6 17. Ne2 e5 18. dxe5 Nxe5 19. Nxe5 Qxc2 20. Bxc2 Bxe5 21. Bd4 Re8 22. Bxe5 Rxe5 23. Nd4 Bd7 24. Rfe1 Rae8 25. Rxe5 Rxe5 26. f3 Ne8 27. Rc1 Nd6 28. Bd3 Re3 29. Be2 Nf5 30. Kf2 Re7 31. Nxf5 Bxf5 32. Rc5 Be6 33. Bb5 d4 34. Bxa4 d3 35. Re5 d2 36. Ke3 Rd7 37. Rxe6 Kf7 38. Rb6 d1Q 39. Bxd1 Rxd1 40. Rxb7+ Kf6 1-0

[Event "BCF-chT3S 1112 (4NCL)"]
[Site "England"]
[Date "2011.11.13"]
[Round "2.3"]
[White "Taylor, Dale C"]
[Black "Reynolds, D Ian W"]
[Result "1-0"]
[WhiteElo "1984"]
[BlackElo "2036"]
[PlyCount "49"]
[EventDate "2011.11.12"]
[EventType "team-swiss"]
[EventRounds "6"]
[EventCountry "ENG"]
[SourceTitle "EXT 2013"]
[Source "ChessBase"]
[SourceDate "2012.11.22"]
[SourceVersion "1"]
[SourceVersionDate "2012.11.22"]
[SourceQuality "1"]
[WhiteTeam "e2e4.org.uk III"]
[BlackTeam "Iceni"]
[WhiteTeamCountry "ENG"]
[BlackTeamCountry "ENG"]

1. Nf3 Nf6 2. c4 g6 3. Nc3 Bg7 4. g3 0-0 5. Bg2 d6 6. 0-0 c5 7. d4 cxd4 8. Nxd4 a6 9. h3 Qc7 10. Be3 Nc6 11. Rc1 Nxd4 12. Bxd4 e6 13. b3 Bd7 14. e4 Bc6 15. Qd2 Rfd8 16. Rfd1 Rab8 17. Nd5 exd5 18. cxd5 Qd7 19. dxc6 bxc6 20. Qc3 Qe6 21. Qxc6 Rbc8 22. Qxa6 Rxc1 23. Rxc1 Nxe4 24. Bxg7 Nxg3 25. Kh2 1-0

[Event "Gatwick e2e4 int op-A"]
[Site "Gatwick"]
[Date "2011.10.30"]
[Round "9"]
[White "Lee, Kai Jie Edward"]
[Black "Taylor, Dale C"]
[Result "1-0"]
[WhiteElo "2008"]
[BlackElo "2017"]
[PlyCount "79"]
[EventDate "2011.10.26"]
[EventType "swiss"]
[EventRounds "9"]
[EventCountry "ENG"]
[SourceTitle "EXT 2014"]
[Source "ChessBase"]
[SourceDate "2013.11.20"]
[SourceVersion "1"]
[SourceVersionDate "2013.11.20"]
[SourceQuality "1"]

1. e4 c5 2. Nf3 Nc6 3. Bb5 e6 4. Bxc6 bxc6 5. d3 Ne7 6. Qe2 f6 7. Nh4 g6 8. 0-0 Bg7 9. f4 d6 10. c3 0-0 11. g4 f5 12. g5 e5 13. Ng2 Qc7 14. Re1 c4 15. d4 fxe4 16. dxe5 d5 17. Be3 Nf5 18. Bc5 Rf7 19. Na3 Bf8 20. Bxf8 Rxf8 21. Kh1 Rb8 22. Rab1 Be6 23. Nc2 Qa5 24. a3 Kg7 25. Nge3 Nxe3 26. Qxe3 Qc7 27. Nd4 Bf5 28. b4 cxb3 29. Nxb3 Kg8 30. Nc5 Rxb1 31. Rxb1 Rb8 32. Rb4 Rb6 33. Kg2 Bg4 34. Kg3 Bf3 35. h3 Rxb4 36. axb4 a5 37. e6 axb4 38. cxb4 Qg7 39. Nd7 Qa1 40. Nf6+ 1-0

[Event "Gatwick e2e4 int op-A"]
[Site "Gatwick"]
[Date "2011.10.29"]
[Round "7"]
[White "Ignatovic, Ernest"]
[Black "Taylor, Dale C"]
[Result "0-1"]
[WhiteElo "1603"]
[BlackElo "2017"]
[PlyCount "54"]
[EventDate "2011.10.26"]
[EventType "swiss"]
[EventRounds "9"]
[EventCountry "ENG"]
[SourceTitle "EXT 2014"]
[Source "ChessBase"]
[SourceDate "2013.11.20"]
[SourceVersion "1"]
[SourceVersionDate "2013.11.20"]
[SourceQuality "1"]

1. Nf3 c5 2. c4 Nc6 3. g3 g6 4. Bg2 Bg7 5. 0-0 e5 6. Nc3 Nge7 7. d3 d6 8. Rb1 0-0 9. a3 f5 10. Bg5 h6 11. Bxe7 Nxe7 12. Qc2 Be6 13. b4 cxb4 14. axb4 Qd7 15. Rfc1 Rac8 16. Ra1 d5 17. c5 b6 18. Qa4 Qxa4 19. Rxa4 e4 20. Ne1 bxc5 21. bxc5 Rxc5 22. Rxa7 Nc6 23. Ra3 Nd4 24. Bf1 Nb5 25. Nxb5 Rxc1 26. Ng2 Rb8 27. Nd6 Rbb1 0-1